000 00562nam a2200217Ia 4500
005 20250508164716.0
008 008 250505s9999 xx 000 0 eng d
020 _a5-03-001097-1
037 _aTextual
040 _aFEDL
_beng
_cFEDL
041 _aeng
_2eng
084 _a538.3, MNE
_qFEDL
100 _aMneyan M G
_9778931
245 0 _aWonderful wizard of magnesia
260 _aMoscow
_bMir Publishers
_c1987
300 _a159p.
365 _aINR
_b12.5
546 _aMACESE
942 _cTEXL
_h538.3, MNE
999 _c1390688
_d1390688